Français.es ayant remporté des globes de biathlon - Statistiques

Statistiques générales
  • Ce quiz a été pris 484 fois
    375 depuis la dernière actualisation
  • Le résultat moyen est 7 sur 14
Statistiques - réponses
Nombre de globes
(cristal+spécialité)
Réponse % Correct
7 + 26 Martin Fourcade
96%
1 + 2 Quentin Fillon Maillet
89%
0 + 1 Simon Fourcade
89%
1 + 2 Julia Simon
86%
0 + 1 Emilien Jacquelin
73%
4 + 9 Raphaël Poirée
67%
0 + 3 Lou Jeanmonnot
66%
0 + 1 Justine Braisaz-Bouchet
65%
1 + 2 Sandrine Bailly
37%
0 + 1 Vincent Defrasne
19%
1 + 0 Patrice Bailly-Salins
10%
1 + 0 Emmanuelle Claret
5%
0 + 1 Sylvie Becaert
4%
1 + 0 Anne Briant
2%
Aucun quiz correspondant
Distribution des résultats
% des personnes avec chaque résultat
Percentile par nombre de réponses
Votre historique - résultats
Vous n’avez pas pris ce quiz depuis la dernière actualisation